[Event "Riohacha op"]
[Site "Riohacha"]
[Date "2019.03.23"]
[Round "6"]
[White "Sibaja Maestre, Walter"]
[Black "Smith Ibarra, Arnoldo"]
[Result "1-0"]
[WhiteElo "1251"]
[BlackElo "1600"]
[PlyCount "111"]
[EventDate "2019.03.22"]
[EventType "swiss"]
[EventRounds "6"]
[EventCountry "COL"]
[SourceTitle "CBM 190 Extra"]
[Source "ChessBase"]
[SourceDate "2019.07.15"]
[SourceVersion "1"]
[SourceVersionDate "2019.07.15"]
[SourceQuality "1"]

1. e4 c5 2. Nf3 Nc6 3. d4 cxd4 4. Nxd4 e6 5. Nc3 Bc5 6. Be3 Nxd4 7. Bxd4 Bxd4 8. Qxd4 Nf6 9. Be2 0-0 10. e5 Ne8 11. 0-0 b6 12. Qe4 Rb8 13. Bd3 g6 14. Rad1 Bb7 15. Qe3 Ng7 16. Be4 Nf5 17. Qf3 Nh4 18. Qd3 Bxe4 19. Nxe4 Nf5 20. Qxd7 Qh4 21. Qa4 Qe7 22. Nf6+ Kg7 23. Nd7 Rfd8 24. Nxb8 Rxb8 25. Rd7 Qc5 26. Qxa7 Rf8 27. Rc7 Qxe5 28. Qxb6 Qf6 29. a4 Nh4 30. Qd6 Nf5 31. Qc5 h6 32. Qc3 e5 33. f4 Re8 34. Re1 Qb6+ 35. Kh1 Qf2 36. Rg1 Qxf4 37. Qf3 h5 38. Qxf4 exf4 39. g3 f3 40. Rf1 Re3 41. Rc3 Rxc3 42. bxc3 Ne3 43. Rxf3 Nxc2 44. a5 Na3 45. a6 Nc4 46. a7 Nb6 47. c4 Kf8 48. Rb3 Nxc4 49. a8Q+ Kg7 50. Qa4 Ne5 51. Qd4 f6 52. Qa7+ Kh6 53. Qe7 Kg5 54. h4+ Kf5 55. Rb6 Ng4 56. Qe6# 1-0

[Event "North Region-ch U12"]
[Site "Cartagena"]
[Date "2014.05.10"]
[Round "5.4"]
[White "Sibaja Maestre, Walter"]
[Black "Rojas Caicedo, Juan Esteban"]
[Result "0-1"]
[WhiteElo "1153"]
[BlackElo "1209"]
[PlyCount "60"]
[EventDate "2014.05.08"]
[EventType "swiss"]
[EventRounds "6"]
[EventCountry "COL"]
[SourceTitle "EXT 2024"]
[Source "ChessBase"]
[SourceDate "2023.10.10"]
[SourceVersion "1"]
[SourceVersionDate "2023.10.10"]
[SourceQuality "1"]

1. e4 e5 2. Nf3 Nc6 3. Nc3 Nf6 4. Bc4 Bc5 5. d3 h6 6. Be3 Bb6 7. 0-0 0-0 8. Bxb6 cxb6 9. Re1 d6 10. Qe2 Bg4 11. Qe3 Qe7 12. d4 exd4 13. Nxd4 Rad8 14. Bb5 Rc8 15. Bxc6 bxc6 16. e5 dxe5 17. Qxe5 Qxe5 18. Rxe5 Rce8 19. Rae1 Rxe5 20. Rxe5 c5 21. Nc6 Bd7 22. Nxa7 Rd8 23. Re1 Bb5 24. Ncxb5 Rd2 25. Nc8 Rxc2 26. Nxb6 Rxb2 27. Na4 Rxb5 28. Rc1 c4 29. Rxc4 Rb1+ 30. Rc1 Rxc1# 0-1

[Event "North Region-ch U10"]
[Site "Maicao"]
[Date "2014.05.04"]
[Round "6.4"]
[White "Riasco Molina, Luis Manuel"]
[Black "Sibaja Maestre, Walter"]
[Result "1-0"]
[WhiteElo "1260"]
[BlackElo "1153"]
[PlyCount "105"]
[EventDate "2014.05.01"]
[EventType "swiss"]
[EventRounds "6"]
[EventCountry "COL"]
[SourceTitle "EXT 2024"]
[Source "ChessBase"]
[SourceDate "2023.10.10"]
[SourceVersion "1"]
[SourceVersionDate "2023.10.10"]
[SourceQuality "1"]

1. e4 e5 2. Nf3 Nc6 3. Bb5 b6 4. Bxc6 dxc6 5. Nxe5 Qd4 6. Nd3 Qxe4+ 7. Qe2 Qxe2+ 8. Kxe2 Bd6 9. Ke1 Nf6 10. Nc3 0-0 11. f3 Bf5 12. Kd1 Bxd3 13. cxd3 a5 14. Ne4 Nxe4 15. dxe4 Rfe8 16. d3 Re5 17. Bf4 Rb5 18. a4 Rxb2 19. Bxd6 cxd6 20. g4 Rb3 21. Kc2 Rb4 22. Rhb1 Rxb1 23. Rxb1 Re8 24. Rxb6 d5 25. Rxc6 dxe4 26. dxe4 h6 27. Rc5 Ra8 28. e5 f6 29. e6 Re8 30. Rxa5 Rxe6 31. Ra8+ Kf7 32. a5 Re2+ 33. Kd3 Rb2 34. a6 Ra2 35. a7 Ke7 36. Kc3 Kd7 37. Kb3 Ra6 38. Rg8 Rb6+ 39. Kc3 Rc6+ 40. Kd3 Rd6+ 41. Ke3 Re6+ 42. Kf2 Re8 43. Rxe8 Kxe8 44. a8Q+ Kf7 45. Ke3 Kg6 46. f4 f5 47. Qc6+ Kh7 48. Qe6 Kh8 49. Qxf5 Kg8 50. g5 hxg5 51. fxg5 Kh8 52. g6 Kg8 53. Qc8# 1-0

[Event "North Region-ch U10"]
[Site "Maicao"]
[Date "2014.05.03"]
[Round "4.4"]
[White "Borja Munar, David Alejandro"]
[Black "Sibaja Maestre, Walter"]
[Result "1-0"]
[WhiteElo "1237"]
[BlackElo "1153"]
[PlyCount "47"]
[EventDate "2014.05.01"]
[EventType "swiss"]
[EventRounds "6"]
[EventCountry "COL"]
[SourceTitle "EXT 2024"]
[Source "ChessBase"]
[SourceDate "2023.10.10"]
[SourceVersion "1"]
[SourceVersionDate "2023.10.10"]
[SourceQuality "1"]

1. e4 e5 2. Bc4 Bc5 3. Nc3 Nf6 4. d3 d6 5. a3 0-0 6. Bg5 h6 7. h4 Be6 8. Bb3 Bxb3 9. cxb3 Re8 10. Nh3 hxg5 11. hxg5 Nfd7 12. Qh5 Kf8 13. Qh8+ Ke7 14. Qxg7 Rg8 15. Nd5+ Ke6 16. Qh6+ f6 17. d4 Bxd4 18. f4 Qf8 19. f5+ Kf7 20. g6+ Ke8 21. Nxc7+ Kd8 22. Ne6+ Ke8 23. g7 Rxg7 24. Rc1 1-0

[Event "North Region-ch U10"]
[Site "Maicao"]
[Date "2014.05.02"]
[Round "3.2"]
[White "Jaimes Velasquez, Simon Andres"]
[Black "Sibaja Maestre, Walter"]
[Result "1-0"]
[WhiteElo "1580"]
[BlackElo "1153"]
[PlyCount "51"]
[EventDate "2014.05.01"]
[EventType "swiss"]
[EventRounds "6"]
[EventCountry "COL"]
[SourceTitle "EXT 2024"]
[Source "ChessBase"]
[SourceDate "2023.10.10"]
[SourceVersion "1"]
[SourceVersionDate "2023.10.10"]
[SourceQuality "1"]

1. e4 e5 2. Nf3 Nc6 3. Bb5 a6 4. Ba4 b5 5. Bb3 Bc5 6. c3 Nf6 7. Qe2 0-0 8. 0-0 d6 9. h3 h6 10. d4 exd4 11. Bf4 dxc3 12. Nxc3 Bd7 13. Rad1 Qe7 14. Qc2 Nd4 15. Nxd4 Bxd4 16. Rxd4 c5 17. Bxd6 Qe8 18. Bxc5 Qe5 19. Bxf8 Qxd4 20. Rd1 Qb6 21. Be7 Rc8 22. Bxf6 gxf6 23. Rxd7 b4 24. e5 fxe5 25. Rxf7 Rc7 26. Qh7# 1-0